[Event "Chigorin Mem. Russian Cup 2017"]
[Site "St. Petersburg"]
[Date "2017.10.27"]
[Round "7"]
[White "Yakubboev, Nodirbek"]
[Black "Paravyan, David"]
[Result "0-1"]
[WhiteElo "2437"]
[BlackElo "2548"]
[Annotator "TA"]
[PlyCount "66"]
[EventDate "2017.??.??"]
[EventType "swiss"]
[EventCountry "RUS"]
[SourceTitle "playchess.com"]
[Source "ChessBase"]
[SourceQuality "1"]

{[%evp 18,66,0,8,11,0,12,13,18,9,33,13,34,39,29,10,14,0,57,49,73,73,77,0,26,0,0,0,0,0,23,0,0,0,35,37,64,-37,-29,-22,-30,-35,-17,-153,-183,-156,-181,-627,-596,-610,-577]} 1. d4 Nf6 2. Bg5 c5 3. Bxf6 exf6 4. Nc3 d5 5. e3 Be6 6. Nge2 {D01: Veresov Opening} Nc6 7. g3 cxd4 8. exd4 Bd6 (8... Bb4 9. Bg2 Bxc3+ 10. Nxc3 Qb6 11. Qd2 O-O 12. O-O-O Rfd8 {1-0 (57) Van Wely,L (2650)-Van Kampen,R (2637) Netherlands 2015}) 9. Bg2 Ne7 10. Qd2 {LiveBook: 3 Games} O-O 11. O-O Qb6 $146 ({Predecessor:} 11... Rc8 12. Nd1 h5 {½-½ (31) Alonso Rosell,A (2535)-Aroshidze,L (2531) Sabadell 2014}) 12. Nd1 Rac8 13. c3 Qc7 14. Nc1 b5 15. Nd3 a5 16. Ne3 f5 17. f4 Qb6 (17... b4 $11) 18. a3 $14 a4 19. Nb4 {[%cal Re3d5]} Qb7 20. b3 (20. Rac1 $16) 20... Bxb4 21. axb4 axb3 22. Qb2 Qc6 23. Rfc1 Ra8 24. Qxb3 Rxa1 25. Rxa1 Rc8 26. Nd1 Qc7 27. Ra3 ({White should play} 27. Qa2 $14) 27... g5 $1 $15 28. Qa2 gxf4 29. Qf2 Ng6 30. Nb2 (30. gxf4 $11 Nxf4 31. Qg3+ Kh8 32. Qh4) 30... fxg3 $17 31. hxg3 f4 32. g4 $2 {[#]} (32. gxf4 Nxf4 33. Qg3+ Kh8 34. Qh4) 32... Qe7 33. Nd3 Qg5 {Precision: White = 40%, Black = 56%.} 0-1

[Event "Chigorin Mem. Russian Cup 2017"]
[Site "St. Petersburg"]
[Date "2017.10.27"]
[Round "7"]
[White "Bystrov, Sergey V"]
[Black "Kobo, Ori"]
[Result "1-0"]
[WhiteElo "2302"]
[BlackElo "2460"]
[Annotator "TA"]
[PlyCount "105"]
[EventDate "2017.??.??"]
[EventType "swiss"]
[EventCountry "RUS"]
[SourceTitle "playchess.com"]
[Source "ChessBase"]
[SourceQuality "1"]

{[%evp 18,105,0,-4,0,0,0,-3,0,-10,0,-1,6,0,0,0,19,18,4,21,39,7,11,0,15,12,19,27,48,13,33,29,27,20,7,24,29,0,0,0,0,-7,68,55,33,20,46,44,108,132,351,342,352,365,755,347,347,347,379,347,347,311,323,345,345,334,417,414,397,388,388,386,381,373,372,370,362,358,579,539,650,649,625,621,745,730,716,706,649,643]} 1. d4 Nf6 2. c4 e6 3. Nf3 Bb4+ 4. Nbd2 O-O 5. a3 Be7 6. e4 d6 {E11: Damenindisch (Bogoljubow-Variante)} (6... d5 7. e5 Nfd7 8. Bd3 c5 9. Qc2 h6 10. O-O Nc6 11. Nb3 a5 12. Bf4 b6 13. Rfe1 dxc4 14. Bxc4 a4 15. Nbd2 Bb7 {½-½ (37) Bluebaum,M (2643)-Anand,V (2783) Germany 2017}) 7. Be2 a5 8. b3 e5 9. Bb2 exd4 10. Nxd4 {LiveBook: 3 Partien} Nfd7 11. Qc2 Bf6 $146 ({Vorgänger:} 11... Nc6 12. Rd1 Bf6 13. N2f3 Re8 14. O-O Nxd4 15. Nxd4 {1-0 (68) Abasov,N (2575)-Usmanov,V (2443) Minsk 2017}) 12. O-O Re8 13. Rfe1 Nc5 14. Bf1 Bd7 15. Rad1 Nc6 16. N2f3 Nxd4 17. Bxd4 Bxd4 18. Nxd4 Qf6 19. f3 (19. Nb5 $5 {[%cal Rb5c7]} Bxb5 20. cxb5 $11) 19... h5 20. Qf2 g6 21. h4 Re7 22. Rd2 Rae8 23. Red1 Kh7 24. b4 axb4 25. axb4 Ne6 26. Ne2 {[%cal Bd4e2,Be2c3,Bc3d5][%mdl 32]} Ra8 27. c5 Ba4 28. Rc1 dxc5 29. Nc3 $36 {[%mdl 2048] Weiss hat Initiative.} Ree8 (29... c6 $11 30. bxc5 Qe5) 30. Nd5 $1 $14 {[%cal Rd5f6]} Qg7 $1 31. bxc5 Bc6 32. f4 Red8 (32... f5 $14) 33. f5 $16 gxf5 $2 (33... Nf8 $16) 34. Qxf5+ $18 Qg6 {Mit der Idee ...Dxf5.} 35. Qe5 Nf8 $2 (35... Bxd5 36. exd5 Ng7) 36. Rf2 (36. Nf6+ $142 Kh8 37. Rf2) 36... Nd7 37. Qxc7 Re8 38. Rc3 Rac8 39. Qf4 Rxe4 {[#]} 40. Qxe4 $1 {[%mdl 512]} Qxe4 41. Bd3 Qxd3 42. Rxd3 Nxc5 43. Nf6+ Kh6 44. Rg3 {[#] Weiss droht Tf5 und Matt.} Ne4 45. Nxe4 Bxe4 46. Rxf7 {[%mdl 4096] Endspiel KTT-KTL} Rc6 47. Re7 Rc1+ $2 (47... Bg6 {kämpft weiter.} 48. Rb3 Bc2) 48. Kh2 {Weiß steht klar auf Gewinn.} Rc4 49. Re6+ Kh7 50. Rg5 Bc6 51. Rxh5+ Kg7 52. Rg5+ Kf7 53. Rh6 {Precision: Weiß = 69%, Schwarz = 41%.} 1-0

[Event "Chigorin Mem. Russian Cup 2017"]
[Site "St. Petersburg"]
[Date "2017.10.27"]
[Round "7"]
[White "Gogin, Maksim"]
[Black "Sjugirov, Sanan"]
[Result "0-1"]
[WhiteElo "2296"]
[BlackElo "2650"]
[Annotator "TA"]
[PlyCount "64"]
[EventDate "2017.??.??"]
[EventType "swiss"]
[EventCountry "RUS"]
[SourceTitle "playchess.com"]
[Source "ChessBase"]
[SourceQuality "1"]

{[%evp 9,64,4,25,26,47,5,22,15,7,16,9,-7,-4,-6,-9,0,-8,-20,-14,-31,-34,-18,-28,-35,-26,-34,-25,-62,-55,-53,-65,-67,-45,-60,-39,-64,-53,-53,-40,-48,-45,-49,-44,-59,-22,-27,-35,-183,-166,-175,-168,-328,-320,-320,-327,-538,-527]} 1. d4 Nf6 2. Nf3 e6 3. c4 d5 4. Nc3 Bb4 5. Qb3 a5 (5... c5 6. dxc5 Nc6 7. Bg5 Qa5 8. Bxf6 dxc4 9. Qxc4 gxf6 10. Rc1 Qxc5 11. Qf4 Ke7 12. g3 e5 13. Qh6 Bxc3+ 14. bxc3 {1-0 (42) Wang,H (2680)-Vidit,S (2687) Chengdu 2017}) 6. Bg5 {D38: Queen's Gambit Declined: Ragozin Defence (4 Nf3 Bb4)} c5 $146 ({Predecessor:} 6... Nc6 7. a3 a4 8. Qc2 Bxc3+ 9. Qxc3 O-O 10. e3 Na5 11. cxd5 exd5 12. Bd3 Nb3 13. Rb1 {½-½ (129) Kryakvin,D (2572)-Shyam,S (2535) Voronezh 2017}) 7. dxc5 {Black should prevent a3.} Na6 8. cxd5 {The position is equal.} Nxc5 9. Qc2 Qxd5 10. Bd2 Bxc3 11. Bxc3 Nce4 12. e3 Bd7 13. Bd4 a4 {aiming for ...Rc8.} 14. Bd3 Rc8 15. Qe2 Qa5+ 16. Kf1 Nc5 17. Bc3 Qb6 18. Ne5 Nxd3 19. Nxd7 Nxd7 20. Qxd3 Nc5 21. Qd4 f6 22. h4 O-O 23. h5 h6 24. Rh4 Rfd8 25. Qg4 {White wants to play Bxf6.} e5 26. Qf5 {[#]} a3 $1 {[%mdl 512]} 27. bxa3 Nd3 28. Bb4 (28. Be1 $1 $15) 28... Rc2 $19 29. Be1 Qc6 $1 $36 {[%mdl 2048] Black is really pushing.} ({Don't take} 29... Nxe1 30. Rxe1 Rdd2 31. Kg1 $17) 30. Rd1 $2 {[#]} (30. Kg1) 30... Rc1 $1 {[%cal Rc1d1]} 31. Rxd3 Qa6 32. Ke2 $2 {[#]} (32. Ra4 {was the only defense.} Qxd3+ 33. Qxd3 Rxd3 34. Ke2) 32... Rxd3 $1 {Precision: White = 35%, Black = 78%.} 0-1

[Event "Chigorin Mem. Russian Cup 2017"]
[Site "St. Petersburg"]
[Date "2017.10.28"]
[Round "8"]
[White "Sjugirov, Sanan"]
[Black "Geller, Jakov"]
[Result "1-0"]
[WhiteElo "2650"]
[BlackElo "2526"]
[Annotator "TA"]
[PlyCount "77"]
[EventDate "2017.??.??"]
[EventType "swiss"]
[EventCountry "RUS"]
[SourceTitle "playchess.com"]
[Source "ChessBase"]
[SourceQuality "1"]

{[%evp 17,77,13,12,-2,0,0,4,0,29,0,8,3,28,31,48,55,55,50,51,53,44,43,41,22,25,13,20,12,20,28,38,14,73,55,104,94,195,187,168,171,169,115,79,116,235,224,184,111,370,370,370,349,346,370,365,340,533,518,481,437,552,553]} 1. Nf3 d5 2. g3 Nf6 3. Bg2 c6 4. O-O Bf5 5. d3 e6 6. Nh4 Bg4 {A07: Réti Opening: New York and Capablanca Systems} 7. h3 Bh5 8. Qe1 Be7 9. f4 O-O {LiveBook: 4 Games} (9... Nfd7 10. Nf3 Bxf3 11. Bxf3 O-O 12. e4 dxe4 13. dxe4 e5 14. Nd2 {0-1 (41) Nisipeanu,L (2672)-Wojtaszek,R (2737) Antalya 2017}) 10. Nd2 a5 $146 ({Predecessor:} 10... Ne8 11. Nhf3 Bxf3 12. Nxf3 Nd7 {1-0 (42) Rabineau,C (2270)-Carre,S (2150) Paris 2012}) 11. Ndf3 Bxf3 12. Nxf3 a4 13. a3 Na6 14. Kh1 b5 15. g4 Nd7 16. e4 dxe4 17. dxe4 e5 18. f5 f6 19. Bd2 Nb6 20. Rd1 Nc4 21. Bc1 Qc7 22. Qg3 Rad8 23. Rde1 Nc5 24. h4 Rd7 (24... Nd6 $11 {remains equal.}) 25. g5 $16 Rfd8 26. Rg1 Nd6 (26... Rf8 $16 {was necessary.}) 27. Nh2 $1 $18 Nc4 28. Ng4 $1 {Strongly threatening gxf6.} Kh8 {[#]} 29. gxf6 (29. h5 $1 $18) 29... Bxf6 $16 30. h5 Nd2 (30... Rd4 $16) 31. Nxf6 gxf6 {[#]} 32. Qh4 ({White should play} 32. Qf2 $1 $18) 32... Rf8 $2 {[%mdl 8192]} (32... Rd6 $16) 33. Qf2 $1 $18 {[%csl LRc5,LRd2]} Qd6 34. Bxd2 $1 Qxd2 35. Qxc5 {[%cal Rc5f8]} Rg8 36. Qe3 ({Less strong is} 36. Qxc6 Rxg2 37. Qc8+ (37. Qxf6+ Rdg7 $11) 37... Rd8 $16) 36... Rg5 (36... Rg4 {is a better defense.} 37. h6 c5) 37. Bf3 {White is clearly winning.} Rxg1+ 38. Qxg1 Rg7 39. Qe3 {Precision: White = 72%, Black = 39%.} 1-0

[Event "Chigorin Mem. Russian Cup 2017"]
[Site "St. Petersburg"]
[Date "2017.10.28"]
[Round "8"]
[White "Sethuraman, S P"]
[Black "Triapishko, Alexandr"]
[Result "1-0"]
[WhiteElo "2632"]
[BlackElo "2508"]
[Annotator "TA"]
[PlyCount "91"]
[EventDate "2017.??.??"]
[EventType "swiss"]
[EventCountry "RUS"]
[SourceTitle "playchess.com"]
[Source "ChessBase"]
[SourceQuality "1"]

{[%evp 26,91,67,43,43,35,50,28,153,27,57,26,69,69,100,95,104,53,146,174,177,172,157,44,84,87,86,80,84,76,168,173,271,257,310,290,291,288,622,613,571,247,275,252,353,301,1052,1043,937,895,943,646,652,643,628,629,840,818,835,849,1090,1073,29987,29988,29989,29990,29992,29993]} 1. d4 Nf6 2. c4 g6 3. f3 Bg7 4. e4 d6 5. Nc3 O-O 6. Be3 c5 7. Nge2 Nc6 8. d5 Ne5 9. Ng3 e6 {E81: King's Indian: Sämisch: 6th move deviations (including 6 Be3 c6)} 10. Be2 b5 11. Nxb5 exd5 12. cxd5 Rb8 13. Qd2 h5 {[%cal Bh7h5,Bh5h4,Bh4h3][%mdl 32]} 14. O-O {LiveBook: 3 Games} h4 15. Nh1 h3 $1 16. Ng3 {[#]} Bd7 $146 (16... Qd7 $11) ({Predecessor:} 16... hxg2 17. Kxg2 {½-½ (53) Sasikiran,K (2640)-Ding,L (2749) Danzhou 2015}) 17. Nc3 ({Resist} 17. Nxa7 $6 Qb6 $14) (17. Nxd6 $16 Ne8 18. Nxe8 (18. Bxc5 Nxd6 19. b3 Rc8 $15) 18... Rxe8 19. Rab1) 17... Rb4 18. b3 Kh7 19. Bg5 {Threatens to win with f4.} hxg2 20. Kxg2 Qc8 21. Rfc1 (21. Kh1 $16) 21... Nh5 ({Black should try} 21... Rh8 $14) 22. Nxh5 $16 gxh5 23. Kh1 f5 {[%cal Bf7f5,Bf5f4][%mdl 32]} 24. Rf1 (24. Be7 $16) 24... Rd4 25. Qe3 $36 {[%mdl 2048] White has strong initiative.} Ng6 26. Bc4 f4 {[#]} 27. Qe1 $1 Ne5 (27... Qe8 $16) 28. Ne2 $18 Nxc4 (28... Ng6 {keeps fighting.} 29. Rb1 (29. Nxd4 Bxd4 30. Qd2 Bh3 $18) 29... Bh3) 29. bxc4 Rxc4 {[#]} 30. Rb1 $1 Qe8 31. Nxf4 ({Less strong is} 31. Bxf4 Rxe4 32. fxe4 Qxe4+ 33. Kg1 Bg4 $14) 31... Qe5 $2 (31... Be5) 32. Qh4 Bg4 33. fxg4 (33. Nxh5 $142 {White wants to mate with Nf6+.} Bxh5 34. Qxh5+ Kg8 35. Rb7 Rxe4 36. Rg1) 33... Qxe4+ 34. Ng2 Rxf1+ 35. Rxf1 Rc2 $2 (35... Qxg4 36. Qxg4 Rxg4) 36. Qxh5+ Kg8 37. Qf7+ Kh8 38. Qf3 Qxf3 39. Rxf3 Rxa2 {intending ...Ra1+.} 40. Nf4 Bd4 41. Ne6 Ra1+ 42. Kg2 Ra2+ 43. Kh3 Be5 44. Bf6+ {White mates.} Bxf6 45. Rxf6 c4 46. g5 {Precision: White = 57%, Black = 18%.} 1-0

[Event "Chigorin Mem. Russian Cup 2017"]
[Site "St. Petersburg"]
[Date "2017.10.28"]
[Round "8"]
[White "Predke, Alexandr"]
[Black "Lugovskoy, Maxim"]
[Result "1-0"]
[WhiteElo "2601"]
[BlackElo "2474"]
[Annotator "TA"]
[PlyCount "51"]
[EventDate "2017.??.??"]
[EventType "swiss"]
[EventCountry "RUS"]
[SourceTitle "playchess.com"]
[Source "ChessBase"]
[SourceQuality "1"]

{[%evp 18,51,2,26,28,0,36,0,93,73,136,127,126,122,135,134,138,135,441,432,422,436,436,461,451,423,445,462,1315,1303,29980,29980,29974,29975,1866,1188]} 1. e4 {[%cal Be2e4,Be4e5][%mdl 32]} e6 2. d4 d5 3. Nc3 Nf6 4. e5 Nfd7 5. f4 c5 6. Nf3 Be7 {C11: French: Classical System: 4 e5 and 4 Bg5 dxe4} (6... Nc6 7. Be3 Be7 8. Qd2 a6 9. a3 b5 10. Bd3 Bb7 11. O-O O-O 12. Kh1 f5 13. Qf2 Rc8 14. Rg1 b4 15. axb4 Nxb4 16. g4 g6 17. gxf5 Nxd3 18. cxd3 Rxf5 {0-1 (40) Kasparov,G (2812)-Caruana,F (2807) Saint Louis 2017}) 7. Be3 b6 8. Qd2 O-O 9. h4 Nc6 10. h5 {LiveBook: 6 Games} cxd4 11. Nxd4 Nxd4 12. Bxd4 Nc5 $146 (12... Bh4+ $1 $11 {keeps the balance.} 13. Ke2 h6) ({Predecessor:} 12... Bh4+ 13. Kd1 Be7 14. Bd3 {½-½ (36) Konguvel,P (2379)-Hoffman,A (2467) Pontevedra 2016}) 13. O-O-O $16 b5 ({Black should try} 13... f5) 14. Nxb5 Ne4 15. Qe3 Qa5 16. Kb1 Rb8 17. Nc3 Nc5 $2 {[%mdl 8192] [#]} (17... Nxc3+ $16 {is tougher.} 18. Qxc3 (18. Bxc3 Qa3 $16) 18... Qxc3 19. Bxc3 Bc5) 18. f5 $1 $18 {[%cal Bf4f5,Bf5f6][%mdl 544]} Rd8 {[#]} (18... exf5 19. Nxd5) 19. f6 $1 {[%cal Rf6e7]} Bf8 20. fxg7 Be7 21. Rh3 Rd7 22. b3 Rdb7 (22... Ba6 $142 23. h6 Rc8) 23. Bxc5 Bxc5 24. Qh6 Qa3 {[#]} 25. Ne4 $1 {[%cal Re4f6][%mdl 512]} Be7 (25... dxe4 26. Rd8+) 26. Nd2 {Precision: White = 95%, Black = 43%.} 1-0

[Event "Chigorin Mem. Russian Cup 2017"]
[Site "St. Petersburg"]
[Date "2017.10.28"]
[Round "8"]
[White "Alekseenko, Kirill"]
[Black "Artemiev, Vladislav"]
[Result "1-0"]
[WhiteElo "2563"]
[BlackElo "2696"]
[Annotator "TA"]
[PlyCount "139"]
[EventDate "2017.??.??"]
[EventType "swiss"]
[EventCountry "RUS"]
[SourceTitle "playchess.com"]
[Source "ChessBase"]
[SourceQuality "1"]

{[%evp 22,139,0,0,0,4,11,0,0,0,13,16,18,11,50,0,0,0,0,9,18,12,33,10,19,16,49,35,38,41,62,60,61,68,72,72,75,77,71,56,68,62,58,45,86,58,90,70,68,62,60,24,33,23,40,35,71,84,72,58,102,103,100,108,102,102,102,102,102,102,102,106,102,102,97,98,98,63,221,179,303,310,377,356,504,162,250,235,307,239,288,300,520,510,668,464,1777,1579,1677,1378,12836,12837,12837,12837,12838,12838,12839,12839,12839,12840,12840,12841,12841,12841,12843,12843,12844,12844,12845,12842]} 1. e4 c5 2. Nf3 e6 3. d4 cxd4 4. Nxd4 Nc6 5. Nc3 a6 6. Be2 d6 7. O-O Nf6 8. Be3 Be7 9. f4 O-O 10. a4 Bd7 11. Nb3 e5 12. Kh1 {LiveBook: 5 Games} exf4 {B84: Sicilian Scheveningen: 6 Be2 a6, lines without early Be3} 13. Bxf4 Be6 (13... Ne5 14. Qe1 Rc8 15. Rd1 Qc7 16. Qg3 Bc6 17. Qe3 b5 18. axb5 axb5 19. Nd4 b4 20. Ncb5 Bxb5 21. Bxb5 Nh5 {½-½ (48) Djukic,N (2512)-Trkulja,G (2320) Zenica 2014}) 14. Qd2 $146 ({Predecessor:} 14. Bf3 Qd7 15. Nd5 Bxd5 16. exd5 Ne5 {1-0 (47) Cardani,R (1854)-Gagliani,S (1698) Ceriano Laghetto 2006}) 14... d5 {The position is equal.} 15. e5 Ne4 16. Nxe4 dxe4 17. Qe3 Bxb3 18. cxb3 Qd4 19. Qg3 Qxb2 20. Bc4 Rad8 21. Rae1 Qd4 22. Re2 Kh8 23. Qe1 f5 24. exf6 $1 Bxf6 25. Rxe4 Qc3 26. Bc7 Qxe1 27. Rfxe1 Bc3 28. Bxd8 {Re8 is the strong threat.} Bxe1 29. Bb6 Ba5 30. Be3 Rd8 31. g3 h6 32. Kg2 Bc7 33. Be2 Kg8 34. h4 Be5 35. Kh3 Kf7 36. h5 Kf6 37. Bb6 Rd2 38. Bc4 Ne7 39. Re1 Nd5 40. Ba5 Rd4 41. Bd8+ Kf5 {[#]} 42. g4+ $1 {[%mdl 512]} Kf4 (42... Rxg4 43. Bd3+) 43. Bh4 Bf6 {[#]} 44. Bg3+ $1 Kf3 45. Be2+ Ke3 46. Bxa6+ $1 Kd2 47. Bxb7 {Strongly threatening a5.} Nf4+ 48. Kh2 Ne2 49. Bf2 Rf4 $2 (49... Be5+ $1 $14 50. Kg2 Rxg4+ 51. Kf1 Ng3+ 52. Bxg3 Bxg3) 50. Rf1 $18 Be5 {[#]} (50... Bh4 $142) 51. Kh3 $1 Kc2 52. a5 Rb4 (52... Ng1+ {was worth a try.} 53. Kg2 (53. Bxg1 Rxf1 54. Bc5 Bb8 $16) (53. Rxg1 Rxf2 54. g5 Rh2+ 55. Kg4 Bd4 $18) 53... Rxg4+ 54. Kh1 Ne2) 53. Bb6 $2 (53. a6) 53... Rxb3+ (53... Nf4+ $142 54. Kh4 Rxb3) 54. Kg2 {And now Rf2 would win.} Nf4+ 55. Kh1 {aiming for a6.} Rh3+ 56. Kg1 Rg3+ $2 (56... Kd2 57. Rb1 Ra3) 57. Kf2 {White is clearly winning.} Nd3+ 58. Ke2 {Threatens to win with Be4.} Nf4+ {[#]} (58... Nb4 $142 59. a6 Nxa6 60. Bxa6 Rxg4 61. Bd3+ Kc3 62. Rc1+ Kb3 63. Rb1+ Bb2) 59. Rxf4 $1 {[%mdl 512]} Bxf4 {[%mdl 4096] Endgame KRB-KB} 60. a6 Bb8 61. Bf3 ({Less strong is} 61. a7 Bxa7 62. Bxa7 Rxg4 $16) 61... Rh3 62. a7 Rh2+ 63. Ke3 Bxa7 64. Bxa7 Rd2 65. Bd4 Rd3+ 66. Ke4 Ra3 67. Bxg7 Ra6 68. Kf4 Kd3 69. Be4+ Kc4 70. Bg6 {Precision: White = 71%, Black = 47%.} 1-0

[Event "Chigorin Mem. Russian Cup 2017"]
[Site "St. Petersburg"]
[Date "2017.10.28"]
[Round "8"]
[White "Vorobiov, Evgeny E"]
[Black "Liu, Yan"]
[Result "1/2-1/2"]
[WhiteElo "2555"]
[BlackElo "2422"]
[Annotator "TA"]
[PlyCount "106"]
[EventDate "2017.??.??"]
[EventType "swiss"]
[EventCountry "RUS"]
[SourceTitle "playchess.com"]
[Source "ChessBase"]
[SourceQuality "1"]

{[%evp 23,106,28,40,30,49,26,24,14,23,5,3,8,9,4,2,6,3,2,13,0,0,0,12,10,19,15,20,0,41,40,37,38,45,19,17,21,27,17,17,17,17,17,22,17,34,33,28,36,37,15,23,15,15,15,15,8,8,8,16,0,0,0,0,0,0,0,0,0,0,0,0,0,0,0,0,0,0,0,0,0,7,0,0,0,0]} 1. Nf3 Nf6 2. c4 e6 3. g3 b6 4. Bg2 Bb7 5. O-O Be7 6. Nc3 O-O 7. Re1 Ne4 8. Nxe4 Bxe4 9. d3 Bb7 10. e4 c5 11. d4 d6 12. b3 Nd7 {LiveBook: 3 Games} 13. Bb2 {A17: English Opening: 1...Nf6 with ...Bb4} Qc7 14. Rc1 $146 (14. d5 {feels hotter.} Rad8 15. Nd2 Bf6 16. Bxf6 Nxf6 17. f4) ({Predecessor:} 14. d5 e5 15. Nd2 Bf6 16. f4 exf4 17. Bxf6 Nxf6 18. gxf4 Rae8 19. Nf1 Bc8 20. Ng3 Kh8 21. Qd2 Ng4 22. h3 {½-½ (22) Levin,F (2472)-Garcia Palermo,C (2450) Benasque 2010}) 14... Bf6 15. Qe2 {White has an edge.} Rad8 16. e5 dxe5 17. dxe5 Be7 18. Nd2 Bxg2 19. Kxg2 Nb8 20. Rcd1 Nc6 21. Nf3 Rxd1 22. Rxd1 Rd8 23. Rxd8+ Qxd8 24. Bc3 Qd7 25. Qe4 f5 26. exf6 Bxf6 27. Bd2 Ne7 28. Bf4 Qc6 29. Nd2 Kf7 30. f3 (30. g4 {keeps more tension.} Qxe4+ 31. Nxe4 Nc6 32. Bd2 Be7 33. Nc3) 30... Qxe4 31. Nxe4 $11 {[%mdl 4096] Endgame KBN-KBN} Nc6 32. Bd2 Ke7 33. g4 Bd4 34. Ng5 h6 35. Ne4 a6 36. h4 Kd7 37. h5 b5 {The position is equal.} 38. cxb5 axb5 39. Kf1 Ne5 40. Ke2 Kc6 41. Be3 Kd5 42. Bxd4 cxd4 {KN-KN} 43. a4 bxa4 44. bxa4 {[#]} Nxg4 $1 {[%mdl 512]} 45. a5 (45. fxg4 Kxe4) 45... Ne5 46. a6 {Strongly threatening a7.} Nc6 47. Kd2 e5 48. Ke2 Ke6 49. Nc5+ Kf5 50. Nd3 Na7 51. Kd2 Nc6 52. Ke2 Na7 53. Kd2 Nc6 {Precision: White = 61%, Black = 71%.} 1/2-1/2

[Event "Chigorin Mem. Russian Cup 2017"]
[Site "St. Petersburg"]
[Date "2017.10.28"]
[Round "8"]
[White "Paravyan, David"]
[Black "Gordievsky, Dmitry"]
[Result "1-0"]
[WhiteElo "2548"]
[BlackElo "2605"]
[Annotator "TA"]
[PlyCount "139"]
[EventDate "2017.??.??"]
[EventType "swiss"]
[EventCountry "RUS"]
[SourceTitle "playchess.com"]
[Source "ChessBase"]
[SourceQuality "1"]

{[%evp 9,139,8,4,12,8,22,45,17,29,0,28,0,71,20,20,0,43,42,35,29,83,69,79,41,55,53,33,29,35,-12,-17,-24,-24,-24,-12,-7,-33,-15,-36,-39,-39,-31,-39,-48,-35,-39,-45,-46,-35,-48,-34,-37,0,0,0,0,0,-15,-23,-136,-133,-122,-86,-86,-81,-81,-81,-84,-80,-87,-78,-86,-83,-82,-62,-67,0,-81,-59,-64,-58,-89,-40,-41,0,-86,-79,-97,-97,-111,-77,-98,-51,-57,-57,-75,-66,-61,-65,-62,-12,-12,-12,-35,-35,-35,-35,-36,-38,-52,-39,-98,-6,-6,0,-19,0,0,0,0,0,0,0,0,0,0,495,339,29964,29965,29980,29981]} 1. e4 c5 2. Nf3 e6 3. d4 cxd4 4. Nxd4 Nc6 5. c3 Be7 (5... d6 6. c4 Nf6 7. Nc3 a6 8. Be2 Be7 9. O-O O-O 10. Be3 Qc7 11. Rc1 Ne5 12. f4 Ned7 13. Bf3 Re8 14. Qd2 Bf8 15. Kh1 Rb8 16. g4 e5 17. Nf5 exf4 18. Bxf4 Ne5 19. Bxe5 Rxe5 {1-0 (32) Paravyan,D (2428)-Reshetnikov,A (2498) Moscow 2014}) 6. Be2 {B44: Sizilianisch (Paulsen/Taimanow-Variante)} Qc7 $146 ({Vorgänger:} 6... Nf6 7. Bf3 O-O 8. O-O Ne5 9. Bf4 Nxf3+ 10. Qxf3 d6 11. e5 dxe5 12. Bxe5 Qa5 13. Re1 {½-½ (71) Barbuto,S (1859)-Ielapi,V (1887) Cutro 2005}) 7. c4 b6 8. Nc3 {Weiß steht etwas besser.} (8. Nb5 $5 {[%cal Rb5c7]} Qb8 9. Be3 $11) 8... Bb7 9. f4 Bh4+ 10. g3 {[%cal Bg2g3,Bg3g4,Bg4g5][%mdl 32]} Be7 (10... Nxd4 $11 11. gxh4 (11. Qxd4 Bf6 $11) 11... Nxe2 12. Qxe2 Ne7) 11. Nf3 (11. Ndb5 $16 Qb8 12. Be3) 11... d6 $11 12. g4 Nf6 13. g5 Nd7 14. Be3 Rc8 (14... a6 $11) 15. Rc1 Qb8 16. a3 Na5 17. Nd2 h6 18. b4 Nc6 19. Nf3 hxg5 20. Nxg5 Bxg5 21. fxg5 Nce5 22. Bf4 a6 ({Ein No Go ist} 22... Nxc4 $6 23. Nb5 $16) 23. O-O Nxc4 24. g6 f6 $1 25. Bxc4 $1 Rxc4 26. Bxd6 Qd8 27. Ne2 $1 b5 {zielt auf ...Db6+ ab.} 28. Rxc4 bxc4 29. Qd4 Qb6 {Weiss muss nun ...Lxe4 beachten.} 30. Rc1 Rh6 31. Rxc4 Rxg6+ 32. Kf2 {Dxb6 ist eine echte Drohung.} Qb5 33. Bg3 {Droht Tc7 und aus.} e5 $36 {[%mdl 2048] Schwarz drückt.} 34. Qd3 (34. a4 $1 $11 {bleibt in der Remisbreite.} Qb6 35. Qe3) 34... Nb6 $1 $17 {[%cal Rb6c4]} 35. Rc3 {und nun wäre Dd6 stark für Weiss.} Qxd3 36. Rxd3 Nc4 37. Nc3 Nxa3 38. Na4 Nb5 39. Nc5 Bc8 40. Rd1 Ke7 41. Ra1 Nc7 42. Rc1 Nb5 43. Ra1 $1 Nd6 44. Kf3 Rg4 45. Rc1 Rg5 46. Ra1 Rg4 47. Rc1 $1 {[#]} Nb5 $1 48. Ra1 Nd4+ 49. Kf2 Nc2 50. Ra4 Kd8 51. Ke2 Nd4+ 52. Kd3 Nc6 53. Ke3 Kc7 54. Nxa6+ Bxa6 55. Rxa6 Nxb4 $15 {[%mdl 4096] Endspiel KTL-KTS} 56. Ra7+ Kd6 57. Kf3 Rg6 58. Bf2 Nc6 59. Ra8 Rh6 60. Rg8 (60. Kg3 $1 $15) 60... Rh7 ({Lieber} 60... Nd4+ $17 61. Bxd4 exd4 62. Rxg7 Rxh2) 61. h4 $11 {[%cal Bh2h4,Bh4h5,Bh5h6][%mdl 32]} Kd7 62. Bc5 Nd8 63. Kg4 Ne6 64. Be3 Ke7 65. h5 Kf7 66. Ra8 Ke7 67. Ra7+ Ke8 $2 {[%mdl 8192] [#]} (67... Kd6 $11 {und Schwarz muss sich keine Sorgen machen.}) 68. h6 $1 $18 {[%mdl 512]} Kf8 $2 (68... Rxh6 $18 69. Bxh6 gxh6) (68... gxh6 69. Rxh7) 69. Kf5 Ng5 70. Bc5+ {Precision: Weiß = 60%, Schwarz = 57%.} 1-0

[Event "Chigorin Mem. Russian Cup 2017"]
[Site "St. Petersburg"]
[Date "2017.10.28"]
[Round "8"]
[White "Moiseenko, Vadim"]
[Black "Pridorozhni, Aleksei"]
[Result "1/2-1/2"]
[WhiteElo "2543"]
[BlackElo "2565"]
[Annotator "TA"]
[PlyCount "27"]
[EventDate "2017.??.??"]
[EventType "swiss"]
[EventCountry "RUS"]
[SourceTitle "playchess.com"]
[Source "ChessBase"]
[SourceQuality "1"]

{[%evp 26,27,25,0]} 1. e4 e5 2. Nf3 Nc6 3. Bb5 {[%cal Bf1b5,Bb5a4,Ba4b3][%mdl 32]} a6 4. Ba4 Nf6 5. O-O Be7 6. Re1 b5 7. Bb3 d6 8. c3 O-O 9. h3 Bb7 10. d4 Re8 11. Ng5 $146 ({Predecessor:} 11. Nbd2 Bf8 12. d5 Nb8 13. Nf1 Nbd7 14. Ng3 h6 15. Nh2 c6 16. dxc6 Bxc6 17. Ng4 Nc5 18. Bc2 Rc8 19. Qf3 Nxg4 20. Qxg4 g6 21. Be3 Bg7 22. Rad1 Qe7 23. Qe2 {½-½ (35) Wang,H (2698)-Ivanchuk,V (2729) Danzhou 2017}) 11... Rf8 12. Nf3 Re8 13. Ng5 Rf8 14. Nf3 {LiveBook: 6301 Games} 1/2-1/2